00570nam a22001937a 450000500170000001000150001702000260003202000230005803500130008103700130009408200130010710000150012024500470013525000110018226000390019327000560023230000380028850000500032620130523110944.0 aENG-107264 a9781259062568c495.00 a1259062562c495.00 aEN-90797 bDBAD/PUB a621.4021 aNag, P. K. aEngineering thermodynamics /cby P. K. Nag a5th ed aNew DelhibTata McGraw Hill c2013 aP-24, Green Park Park, ExtentionbNew Delhie110095 axxx, 914p.:c22cm(pbk)eill.,maps aIncludes bibliographical references and index